[Event "Bedford e2e4 U2000"]
[Site "Bedford"]
[Date "2013.09.22"]
[Round "4"]
[White "Smith, Peter K"]
[Black "Nandi, Robin J"]
[Result "0-1"]
[WhiteElo "1725"]
[BlackElo "1832"]
[PlyCount "54"]
[EventDate "2013.09.20"]
[EventType "swiss"]
[EventRounds "5"]
[EventCountry "ENG"]
[SourceTitle "EXT 2023"]
[Source "ChessBase"]
[SourceDate "2022.10.05"]
[SourceVersion "1"]
[SourceVersionDate "2022.10.05"]
[SourceQuality "1"]

1. d4 d5 2. Bf4 Nf6 3. e3 c5 4. c3 Qb6 5. Qc2 e6 6. Nd2 Nc6 7. Ngf3 Be7 8. Be2 Bd7 9. Ne5 Rc8 10. Qb3 c4 11. Qc2 0-0 12. Bg5 Qd8 13. f4 b5 14. 0-0 Ne8 15. Bxe7 Qxe7 16. Ndf3 f6 17. Nxc6 Bxc6 18. g4 Nd6 19. g5 Be8 20. gxf6 gxf6 21. Kh1 Bg6 22. Rg1 Kh8 23. Rxg6 hxg6 24. Qxg6 Ne4 25. h3 Rg8 26. Qh6+ Qh7 27. Qxh7+ Kxh7 0-1

[Event "Coventry e2e4 U1950 op"]
[Site "Coventry"]
[Date "2013.08.25"]
[Round "4"]
[White "Smith, Peter K"]
[Black "Purvis, Anna"]
[Result "1-0"]
[WhiteElo "1763"]
[BlackElo "1509"]
[PlyCount "95"]
[EventDate "2013.08.23"]
[EventType "swiss"]
[EventRounds "7"]
[EventCountry "ENG"]
[SourceTitle "EXT 2015"]
[Source "ChessBase"]
[SourceDate "2014.11.20"]
[SourceVersion "1"]
[SourceVersionDate "2014.11.20"]
[SourceQuality "1"]

1. d4 d5 2. e4 c6 3. Nc3 dxe4 4. f3 exf3 5. Nxf3 Nf6 6. Bc4 Bf5 7. 0-0 e6 8. Bg5 Be7 9. Ne5 Nbd7 10. Nxf7 Kxf7 11. Rxf5 Nb6 12. Bb3 Nbd5 13. Rf2 Rf8 14. Qh5+ Kg8 15. Qh3 Qd7 16. Re1 Kh8 17. Qxe6 Qxe6 18. Rxe6 Nxc3 19. Rxe7 Nce4 20. Bxf6 Rxf6 21. Rxe4 Rxf2 22. Kxf2 Rf8+ 23. Ke2 g6 24. Re7 Rb8 25. Be6 a6 26. Rc7 Re8 27. Rc8 Rxc8 28. Bxc8 b6 29. Bxa6 Kg7 30. Bb7 c5 31. dxc5 bxc5 32. a4 Kf6 33. a5 Ke6 34. a6 c4 35. a7 c3 36. bxc3 h5 37. a8Q h4 38. Qd8 g5 39. Qxg5 h3 40. gxh3 Kd6 41. Kd3 Ke6 42. Ke4 Kd6 43. Qd5+ Ke7 44. Ke5 Ke8 45. Bc6+ Kf8 46. Qd7 Kg8 47. Kf6 Kh8 48. Qg7# 1-0

[Event "Coventry e2e4 U1950 op"]
[Site "Coventry"]
[Date "2013.08.25"]
[Round "5"]
[White "Smith, Peter K"]
[Black "Ross, Stuart"]
[Result "1/2-1/2"]
[WhiteElo "1763"]
[BlackElo "1636"]
[PlyCount "75"]
[EventDate "2013.08.23"]
[EventType "swiss"]
[EventRounds "7"]
[EventCountry "ENG"]
[SourceTitle "EXT 2015"]
[Source "ChessBase"]
[SourceDate "2014.11.20"]
[SourceVersion "1"]
[SourceVersionDate "2014.11.20"]
[SourceQuality "1"]

1. d4 Nf6 2. Nf3 e6 3. Bf4 c5 4. e3 Nc6 5. c3 d5 6. Nbd2 Bd6 7. Bg3 b6 8. Bb5 Bb7 9. Qa4 Qc7 10. Bxd6 Qxd6 11. Ne5 Rc8 12. Qxa7 Qc7 13. Bxc6+ Bxc6 14. Qxc7 Rxc7 15. dxc5 bxc5 16. Nxc6 Rxc6 17. b3 Ke7 18. Ke2 Ra8 19. a4 Rca6 20. c4 Ne4 21. Nxe4 dxe4 22. Ra2 Rb8 23. Ra3 Rab6 24. a5 Rxb3 25. Rxb3 Rxb3 26. Ra1 Rb2+ 27. Ke1 Rb7 28. Kd2 Kd6 29. Kc3 Kc7 30. f3 exf3 31. gxf3 Ra7 32. f4 Kb7 33. Rb1+ Kc6 34. Rb6+ Kc7 35. Rb5 Kc6 36. Rb6+ Kc7 37. Rb5 Kc6 38. Rb6+ 1/2-1/2

[Event "BCF-ch 5-day op PM Week 2"]
[Site "Torquay"]
[Date "2013.08.06"]
[Round "2.9"]
[White "Smith, Peter K"]
[Black "Wells, Jonathan C"]
[Result "0-1"]
[WhiteElo "1763"]
[BlackElo "2037"]
[PlyCount "76"]
[EventDate "2013.08.05"]
[EventType "swiss"]
[EventRounds "5"]
[EventCountry "ENG"]
[SourceTitle "EXT 2023"]
[Source "ChessBase"]
[SourceDate "2022.10.05"]
[SourceVersion "1"]
[SourceVersionDate "2022.10.05"]
[SourceQuality "1"]

1. d4 Nf6 2. Nf3 g6 3. Bf4 Bg7 4. e3 d6 5. Be2 Nbd7 6. c4 0-0 7. Nc3 c6 8. 0-0 Nh5 9. Bg5 h6 10. Bh4 Qe8 11. Nd2 Nhf6 12. f4 Nh7 13. Nf3 f5 14. Qc2 Nhf6 15. Bxf6 exf6 16. e4 fxe4 17. Nxe4 Qe7 18. c5 dxc5 19. dxc5 f5 20. Qc4+ Kh8 21. Nd6 Nf6 22. Ne5 Kh7 23. Bf3 Be6 24. Qc2 Nd5 25. Bxd5 Bxd5 26. Rfe1 Qc7 27. Re3 b6 28. Rae1 bxc5 29. Qxc5 Qb6 30. Qxb6 axb6 31. a3 Rad8 32. Ndc4 Bxc4 33. Nxc4 Bd4 34. Kf1 Bxe3 35. Rxe3 Rd4 36. Re7+ Kg8 37. Nxb6 Rxf4+ 38. Ke2 Rb8 0-1

[Event "BCF-ch 5-day op PM Week 2"]
[Site "Torquay"]
[Date "2013.08.05"]
[Round "1.5"]
[White "Bryant, Richard BE"]
[Black "Smith, Peter K"]
[Result "1/2-1/2"]
[WhiteElo "1969"]
[BlackElo "1763"]
[PlyCount "47"]
[EventDate "2013.08.05"]
[EventType "swiss"]
[EventRounds "5"]
[EventCountry "ENG"]
[SourceTitle "EXT 2023"]
[Source "ChessBase"]
[SourceDate "2022.10.05"]
[SourceVersion "1"]
[SourceVersionDate "2022.10.05"]
[SourceQuality "1"]

1. e4 e6 2. Nc3 d5 3. d4 dxe4 4. Nxe4 Bd7 5. Nf3 Bc6 6. Bd3 Nd7 7. c3 Ngf6 8. Ng3 Bd6 9. Qe2 Bxf3 10. Qxf3 c6 11. 0-0 Qc7 12. Re1 0-0 13. h3 c5 14. Bg5 h6 15. Bxf6 Nxf6 16. Ne4 Nxe4 17. Qxe4 g6 18. dxc5 Bxc5 19. Re2 Rad8 20. Bc4 Rfe8 21. Rae1 Kg7 22. Bb3 b5 23. Qf3 Qb6 24. g3 1/2-1/2

[Event "BCF-chT3 1213 (4NCL)"]
[Site "England"]
[Date "2013.05.05"]
[Round "10.228"]
[White "Smith, Peter K"]
[Black "Adebajo, Olufemi"]
[Result "0-1"]
[WhiteElo "1764"]
[BlackElo "1963"]
[PlyCount "114"]
[EventDate "2012.11.03"]
[EventType "team-swiss"]
[EventRounds "11"]
[EventCountry "ENG"]
[SourceTitle "EXT 2014"]
[Source "ChessBase"]
[SourceDate "2013.11.20"]
[SourceVersion "1"]
[SourceVersionDate "2013.11.20"]
[SourceQuality "1"]
[WhiteTeam "e2e4.org.uk IV"]
[BlackTeam "FCA Solutions II"]
[WhiteTeamCountry "ENG"]
[BlackTeamCountry "ENG"]

1. d4 d5 2. Bf4 c6 3. c3 Nf6 4. e3 g6 5. Nf3 Bg7 6. Bd3 0-0 7. 0-0 Nh5 8. Bg5 Qc7 9. Nbd2 f6 10. Bh4 e5 11. dxe5 fxe5 12. e4 Nf4 13. Qc2 Nd7 14. Bg5 Nc5 15. Bxf4 Rxf4 16. Rfe1 Bg4 17. h3 Nxd3 18. Qxd3 dxe4 19. Rxe4 Bf5 20. Qc4+ Kh8 21. Rxf4 exf4 22. Ng5 h6 23. Ne6 Bxe6 24. Qxe6 Rd8 25. Nf3 Qd6 26. Qxd6 Rxd6 27. Re1 Rd5 28. Re8+ Kh7 29. Re7 Rb5 30. b3 Kg8 31. c4 Rb6 32. Kf1 Kf8 33. Rd7 Bf6 34. Ke2 a5 35. Nd2 Be7 36. Kf3 g5 37. g3 fxg3 38. fxg3 Ke8 39. Rd3 h5 40. Re3 Kf7 41. g4 h4 42. Re5 a4 43. Ra5 axb3 44. axb3 Rb4 45. Ke4 b5 46. Kd3 bxc4+ 47. bxc4 Rb7 48. Ra6 Rd7+ 49. Kc2 c5 50. Rc6 Rd4 51. Rc7 Ke6 52. Rc6+ Kf7 53. Rc7 Rf4 54. Rd7 Ke6 55. Rd3 Bf6 56. Re3+ Kd6 57. Ne4+ Kc6 0-1

[Event "Hinckley e2e4 Major op"]
[Site "Hinckley Island"]
[Date "2012.08.26"]
[Round "4"]
[White "Smith, Peter K"]
[Black "Kendall, Tim"]
[Result "1-0"]
[WhiteElo "1771"]
[BlackElo "1878"]
[PlyCount "75"]
[EventDate "2012.08.24"]
[EventType "swiss"]
[EventRounds "7"]
[EventCountry "ENG"]
[SourceTitle "EXT 2014"]
[Source "ChessBase"]
[SourceDate "2013.11.20"]
[SourceVersion "1"]
[SourceVersionDate "2013.11.20"]
[SourceQuality "1"]

1. d4 c5 2. c3 d5 3. Nf3 Nc6 4. dxc5 e5 5. b4 a6 6. e3 Nf6 7. Nbd2 Qc7 8. Bb2 Be7 9. Be2 Ng4 10. h3 Nxf2 11. Kxf2 e4 12. Rf1 exf3 13. Nxf3 0-0 14. Qxd5 Bf6 15. Rfb1 Rd8 16. Qe4 g6 17. Nd4 Bxd4 18. exd4 Bf5 19. Qf3 Bxb1 20. Rxb1 Ne7 21. c4 Nf5 22. d5 Qe7 23. g4 Nh4 24. Qf6 Qxf6+ 25. Bxf6 Rd7 26. Bxh4 Kg7 27. Re1 h6 28. d6 g5 29. Bg3 f6 30. Bf3 Rf8 31. c6 bxc6 32. Bxc6 Rdd8 33. Re7+ Rf7 34. Rxf7+ Kxf7 35. d7 Ke6 36. Bc7 Rxd7 37. Bxd7+ Kxd7 38. Bb6 1-0

[Event "Gatwick e2e4 int op-B"]
[Site "Gatwick"]
[Date "2011.10.28"]
[Round "4"]
[White "Ai, Farshad"]
[Black "Smith, Peter K"]
[Result "1-0"]
[WhiteElo "1962"]
[BlackElo "1762"]
[PlyCount "85"]
[EventDate "2011.10.26"]
[EventType "swiss"]
[EventRounds "9"]
[EventCountry "ENG"]
[SourceTitle "EXT 2014"]
[Source "ChessBase"]
[SourceDate "2013.11.20"]
[SourceVersion "1"]
[SourceVersionDate "2013.11.20"]
[SourceQuality "1"]

1. d4 d5 2. Bf4 Nf6 3. e3 e6 4. Nf3 Bd6 5. Ne5 c6 6. Nd2 Nbd7 7. Nxf7 Kxf7 8. Bxd6 Qb6 9. Ba3 c5 10. c3 Qc7 11. Bd3 b6 12. e4 dxe4 13. Nxe4 Rf8 14. dxc5 bxc5 15. 0-0 Bb7 16. Qe2 h6 17. Rae1 Rae8 18. c4 Kg8 19. Bb1 Nxe4 20. Bxe4 Bxe4 21. Qxe4 Rf4 22. Qg6 Nf6 23. b3 Qc6 24. f3 e5 25. Bc1 Rh4 26. Bb2 Qc7 27. Qg3 Rh5 28. Bc1 Qe7 29. Re2 e4 30. Rfe1 Kh7 31. fxe4 Nxe4 32. Rxe4 Qxe4 33. Rxe4 Rxe4 34. Qd3 Rhe5 35. Bb2 Re7 36. h3 g6 37. Qc3 g5 38. Qc2 Kg8 39. a3 Kf7 40. b4 Re2 41. Qc3 cxb4 42. axb4 R7e5 43. Qf3+ 1-0

[Event "Gatwick e2e4 int op-B"]
[Site "Gatwick"]
[Date "2011.10.27"]
[Round "2"]
[White "Smith, Peter K"]
[Black "Zhou, Yang Jian"]
[Result "1-0"]
[WhiteElo "1762"]
[BlackElo "1605"]
[PlyCount "63"]
[EventDate "2011.10.26"]
[EventType "swiss"]
[EventRounds "9"]
[EventCountry "ENG"]
[SourceTitle "EXT 2014"]
[Source "ChessBase"]
[SourceDate "2013.11.20"]
[SourceVersion "1"]
[SourceVersionDate "2013.11.20"]
[SourceQuality "1"]

1. d4 d5 2. c4 e6 3. Nc3 Nf6 4. cxd5 exd5 5. Bg5 Nbd7 6. e3 Be7 7. Bd3 0-0 8. Nge2 c5 9. dxc5 Nxc5 10. Bc2 Nce4 11. Bxf6 Nxf6 12. 0-0 Bd6 13. Kh1 Be6 14. Nd4 Ng4 15. Nxe6 Qh4 16. h3 fxe6 17. Qxg4 Qh6 18. Qd4 Rac8 19. Qd3 Rf5 20. e4 Rh5 21. exd5 exd5 22. Bb3 Qf4 23. Qg3 Qh6 24. Qe3 Bf4 25. Qf3 Kh8 26. Nxd5 Rf8 27. Nxf4 Rxf4 28. Rfe1 g6 29. Re8+ Kg7 30. Qxb7+ Kf6 31. Qe7+ Kf5 32. Bc2+ 1-0

[Event "IECC CL7-2004.14 email"]
[Site "IECC email"]
[Date "2004.10.05"]
[Round "?"]
[White "Hulse, David"]
[Black "Smith, Peter K"]
[Result "0-1"]
[WhiteElo "1114"]
[BlackElo "1069"]
[PlyCount "38"]
[EventDate "2004.??.??"]
[EventType "tourn (corr)"]
[EventRounds "4"]
[SourceTitle "Corr 2008"]
[Source "ChessBase"]
[SourceDate "2008.06.24"]
[SourceVersion "1"]
[SourceVersionDate "2008.06.24"]
[SourceQuality "1"]

1. e4 e5 2. Nf3 Nc6 3. d4 exd4 4. Nxd4 Bc5 5. Be3 Qf6 6. c3 Nge7 7. Bc4 b6 8. 0-0 Bb7 9. Bd5 Nxd5 10. exd5 Ne7 11. c4 0-0 12. Qd2 Rfe8 13. Nc3 c6 14. Ne4 Qg6 15. d6 Qxe4 16. dxe7 Rxe7 17. b3 Bxd4 18. Bxd4 c5 19. Bxg7 Qxg2# 0-1

[Event "IECC CL7-2004.14 email"]
[Site "IECC email"]
[Date "2004.10.05"]
[Round "?"]
[White "Smith, Peter K"]
[Black "Nikolic, Dejan"]
[Result "1/2-1/2"]
[WhiteElo "1103"]
[BlackElo "1069"]
[PlyCount "50"]
[EventDate "2004.??.??"]
[EventType "tourn (corr)"]
[EventRounds "4"]
[SourceTitle "Corr 2008"]
[Source "ChessBase"]
[SourceDate "2008.06.24"]
[SourceVersion "1"]
[SourceVersionDate "2008.06.24"]
[SourceQuality "1"]

1. d4 d5 2. c4 e6 3. Nc3 Nf6 4. Bg5 Be7 5. e3 0-0 6. Nf3 Nbd7 7. Bd3 c6 8. 0-0 dxc4 9. Bxc4 Nd5 10. Bxe7 Qxe7 11. e4 Nxc3 12. bxc3 e5 13. d5 cxd5 14. Bxd5 Nc5 15. Nd2 Rb8 16. Qh5 Be6 17. Rfe1 Qf6 18. Qf3 Qe7 19. Nb3 b6 20. Nxc5 bxc5 21. c4 Qc7 22. Bxe6 fxe6 23. Qg3 Rb2 24. f3 Rd8 25. Red1 Rbb8 1/2-1/2